000 00474nam a2200193Ia 4500
005 20240823030725.0
008 240823s9999||||xx |||||||||||||| ||und||
020 _a978-81-7596-756-4
041 _aENGLISH
082 _A629.1351 Q0
100 _aEsmat Bekir
245 0 _aIntroduction to Modern Navigation Systems
250 _a1st
260 _c2010
_bWorld scien
500 _aYES
650 _aNavigation
_bAerospace Engineering
942 _cBK
999 _c189380
_d189380